Responses for Show #1225 - Friday, December 22, 1989

Jeff Bandman game 4.
Missing introductions.

Contestants

[<< previous game]

Lawrence Gamble, a lawyer from Santa Barbara, California

Helene Haddock, an epidemiologist from Sherman Oaks, California

Jeff Bandman, a lawyer from La Jolla, California (whose 3-day cash winnings total $28,902)

[next game >>]

Jeopardy! Round responses

1989
SONGS OF THE '70s
3-LETTER WORDS
ARCHITECTURE
HOLLYWOOD MARRIAGES
SUBSTITUTE SANTAS
    $100 2
(Jeff: What are grapes?)

cranberries

JeffLawrence
    $100 1
a garden party

Lawrence
    $100 6
a bin

Lawrence
    $100 17
water or rain

Helene
    $100 11
Elizabeth Taylor

Jeff
    $100 22
Russia

Lawrence
    $200 3
(Helene: What's the PTL Club?)

the Moral Majority

JeffHelene
    $200 4
(Jeff: What are bumblebees?)

honeybees

Jeff
Triple Stumper
    $200 7
a nip

Helene
    $200 18
[Mild laughter]

windows

Lawrence
    $200 27
Jill Ireland

Lawrence
    $200 23
Japan

Jeff
    $300 14
Kevin Costner

Jeff
    $300 5
Rosemary

Lawrence
    $300 8
tin

Lawrence
    $300 19
the Vietnam (Veterans) Memorial

Lawrence
    $300 28
(Jeff: Who is Buddy Ebsen?)
(Helene: Who is Edward Arnold?)
(Lawrence: [*]. Who is [*]?)

Eddie Albert

JeffHeleneLawrence
    $300 24
St. Nicholas

Triple Stumper
    $400 15
Sam Donaldson

Jeff
    $400 12
Mandy

Jeff
    $400 9
pin

Jeff
    $400 20
(2 of) Connecticut, Massachusetts or Maine

Triple Stumper
    $400 29
Norman Vincent Peale

Jeff
    $400 25
Father Christmas

Helene
    $500 16
the Bismarck

Jeff
    $800 13
(Jeff: Who are [*], "Let Your Love Flow"?)
(Alex: Yes, you gave me more than I needed; all we needed was the boys' names, [*].)
[The song was reprised going into the break.]

The Bellamy Brothers

Jeff
    $500 10
a nib

Helene
    $500 21
Bauhaus

Jeff
    $500 30
Dyan Cannon

Helene
    $500 26
(Jeff: What is [**]?)
[Originally ruled incorrect; reversed after the break as Alex explained there was conflict among the sources whether it is Jan. 5th or Jan. 6th]
...
(Alex: We have a minute to go in the round.)

the Epiphany (Twelfth Night)

Jeff

Scores at the first commercial break (after clue 13):

Jeff Helene Lawrence
$1,600 $500 $900

Scores at the end of the Jeopardy! Round:

Jeff Helene Lawrence
$4,100 $1,200 $2,000

Double Jeopardy! Round responses

HISTORIC NICKNAMES
ECONOMICS
FRUITS & VEGETABLES
BRITISH COLUMBIA
AMERICAN AUTHORS
NUMBER, PLEASE
    $200 11
U.S. Grant

Jeff
    $200 16
commodities

Lawrence
    $200 6
onions

Helene
    $200 26
Vancouver

Jeff
    $200 1
Mark Twain

Jeff
    $200 21
13

Helene
    $400 12
Juan Peron

Lawrence
    $400 17
cottage

Jeff
    $400 7
(Lawrence: What is iceberg [*]?)

lettuce

Lawrence
    $400 27
Victoria

Jeff
    $400 2
John Steinbeck

Jeff
    $400 22
10

Jeff
    $600 13
Alexander Hamilton

Jeff
    $600 18
(Lawrence: [*]. What is [*]?)

Consumer Price Index

Lawrence
    $600 8
oranges

Triple Stumper
    $600 28
(3 of) Alaska, Washington, Idaho (or Montana)

Jeff
    $2,200 3
(Jeff: Who is, uh, Henry James?)

Gertrude Stein

Jeff
    $600 23
a 180

Lawrence
    $800 14
Göring

Jeff
    $800 19
macroeconomics

Jeff
    $800 9
garbanzo beans (chickpeas)

Helene
    $800 29
the fur industry

Jeff
    $800 4
Philip Roth

Helene
    $800 24
50

Jeff
    $1000 15
Miguel Hidalgo y Costilla

Triple Stumper
    $1000 20
GATT (General Agreement on Tariffs & Trade)

Jeff
    $1000 10
cherries

Triple Stumper
    $1000 30
the Japanese Current

Triple Stumper
    $1000 5
Willa Cather

Lawrence
    $1000 25
8

Jeff

Scores at the end of the Double Jeopardy! Round:

Jeff Helene Lawrence
$10,500 $3,200 $5,200
(lock game)

[wagering suggestions for these scores]

Final Jeopardy! Round responses

MOUNTAINS
(Alex: [To Helene] Those are the words; Mont Blanc and Mauna Kea.)
HeleneWhat is white mountain?
$2,001
LawrenceWhat is white mountain?
$5,200
JeffWhat is white mountain?
$99
white mountain

Final scores:

Jeff Helene Lawrence
$10,599 $5,201 $10,400
4-day champion: $39,501 3rd place: Jean d'Eve watch + Nintendo Entertainment System with Family & Junior edition of Jeopardy! & Wheel of Fortune 2nd place: Dynamark security system + Bushnell binoculars

Game dynamics:

Coryat scores:

Jeff Helene Lawrence
$12,400 $3,200 $5,200
27 R
(including 2 DDs),
4 W
(including 1 DD)
9 R,
2 W
16 R,
0 W

Combined Coryat: $20,800

[game clues] [game scores] [suggest correction]

Game tape date: 1989-08-30
The J! Archive is created by fans, for fans. Scraping, republication, monetization, and malicious use prohibited; this site may use cookies and collect identifying information. See terms. The Jeopardy! game show and all elements thereof, including but not limited to copyright and trademark thereto, are the property of Jeopardy Productions, Inc. and are protected under law. This website is not affiliated with, sponsored by, or operated by Jeopardy Productions, Inc. Join the discussion at JBoard.tv.